LEARN TO SPEAK AND WRITE HINDI/ (Record no. 215449)

MARC details
000 -LEADER
fixed length control field 00614nam a22002057a 4500
005 - DATE AND TIME OF LATEST TRANSACTION
control field 20260309161536.0
010 ## - LCCN (DPL NO)
LC control number ENG-147884
020 ## - INTERNATIONAL STANDARD BOOK NUMBER
International Standard Book Number 818382062-X
Terms of availability 250.00
035 ## - SYSTEM CONTROL NUMBER
System control number EN-131416
037 ## - SOURCE OF ACQUISITION
Source of stock number/acquisition DBAD
082 ## - DEWEY DECIMAL CLASSIFICATION NUMBER
Classification number 425
Edition number 1
100 ## - MAIN ENTRY--PERSONAL NAME
Personal name Agarwal P.K
245 ## - TITLE STATEMENT
Title LEARN TO SPEAK AND WRITE HINDI/
Statement of responsibility, etc P.K Agarwal
250 ## - EDITION STATEMENT
Edition statement 1
260 ## - PUBLICATION, DISTRIBUTION, ETC. (IMPRINT)
Place of publication, distribution, etc Darya Ganj
Name of publisher, distributor, etc Lotus Press
Date of publication, distribution, etc 2025
270 ## - ADDRESS
City Delhi
Address Unit No-220;2nd Floor,4735/22,Prakash Deep Building ,Ansari Road,Darya Ganj,New Delhi
Postal code 110002
300 ## - PHYSICAL DESCRIPTION
Extent 183.P
Dimensions 21cm (pb)
700 ## - ADDED ENTRY--PERSONAL NAME
9 (RLIN) 85906
942 ## - ADDED ENTRY ELEMENTS (KOHA)
Source of classification or shelving scheme Dewey Decimal Classification
Item type English Books
Classification part 005.7565
Call number suffix SEN
Edition 1
Holdings
Withdrawn status Lost status Not for loan Home library Current library Date acquired Source of acquisition Cost, normal purchase price Full call number Barcode Copy number Cost, replacement price Koha item type
      D.B.Act.Division D.B.Act.Division 09/03/2026 Delivery of Books Act Division 250.00 005.7565 SEN EN-131416 1 250.00 English Books

© Delhi Public Library
Hit Counter
free hit counter